ბათუმის შოთა რუსთაველის სახელმწიფო უნივერსიტეტის ბიბლიოთეკა

ინგლისური ენის სინტაქსი : 1000 ქართული წინადადება ინგლისური გასაღებით / (ბიბ.ჩანაწერი № 56658)

000 -ლიდერი
ფიქსირებული სიგრძის საკონტროლო ველი 01467nam a2200289Ia 4500
001 - საკონტროლო ნომერი
საკონტროლო ველი 23780
003 - საკონტროლო ნომრის იდენტიფიკატორი
საკონტროლო ველი GE_BSU
005 - ბოლო ოპერაციის თარიღი და დრო
საკონტროლო ველი 20191031114911.0
008 - ფიქსირებული სიგრძის მონაცემთა ელემენტები - ზოგადი ინფორმაცია
ფიქსირებული სიგრძის საკონტროლო ველი 181216s2014||||ge |||||||||||||| ||geo||
020 ## - წიგნის საერთაშორისო სტანდარტული ნომერი
International Standard Book Number 9789941450532
040 ## - კატალოგიზაციის წყარო
Transcribing agency GE_BSU
041 ## - ენის კოდი
Language code of text/sound track or separate title geo
080 ## - უნივერსალური ათობითი კლასიფიკაციის ინდექსი
Universal Decimal Classification number 811.111'367:811.353.1'367.2 მ-58
100 ## - მთავარი ჩანაწერი - პიროვნების სახელი
Personal name მესხი, ანა.
9 (RLIN) 6
245 ## - ცნობა სათაურის შესახებ
Title ინგლისური ენის სინტაქსი : 1000 ქართული წინადადება ინგლისური გასაღებით /
Statement of responsibility, etc ანა მესხი ; დავით მესხი ; დიზ :,დალი ჯვარშეიშვილი.
260 ## - გამოქვეყნების, გავრცელების, და სხვა. ცნობები
Place of publication, distribution, etc თბილისი
264 ## - წარმოების, გამოცემის, დისტრიბუციის და სხვა ცნობები
გამოცემის, წარმოების, დისტრიბუციის... ადგილი თბილისი :
გამოცემის, წარმოების, დისტრიბუციის... სახელწოდება მწიგნობარი,
გამოცემის, წარმოების, დისტრიბუციის... თარიღი 2014.
300 ## - ფიზიკური აღწერა
Extent 174 გვ;
Dimensions 24 სმ.
520 ## - SUMMARY, ETC.
Summary, etc სახელმძღვანელო იბეჭდება დავით მესხის ფინანსური მხარდაჭერით.
546 ## - LANGUAGE NOTE
Language note თავფურცლის მე-3 გვ. ინგლისურ ენაზე.
653 ## - INDEX TERM--UNCONTROLLED
Uncontrolled term English syntax : in 1000 georgian sentences.
653 ## - INDEX TERM--UNCONTROLLED
Uncontrolled term ინგლისური ენის სინტაქსი
700 ## - ADDED ENTRY--PERSONAL NAME
Personal name მესხი, დავით
9 (RLIN) 7
700 ## - ADDED ENTRY--PERSONAL NAME
Personal name ჯვარშეიშვილი, დალი
Relator term დიზაინერი
9 (RLIN) 5164
942 ## - ADDED ENTRY ELEMENTS (KOHA)
Koha item type წიგნი
Source of classification or shelving scheme
ეგზემპლარები
ჩამოწერის სტატუსი დაკარგული ეგზემპლარის სტატუსი კლასიფიკაციის წყარო ან თაროზე გაწყობის სქემა დაზიანების სტატუსი არ გაიცემა მუდმივი მდებარეობა (დაცვის ადგილი) ამჟამინდელი ადგილსამყოფელი თაროზე განთავსების ადგილი შეძენის თარიღი ღირებულება, შესყიდვის ნორმალური ფასი სრული შენახვის შიფრი შტრიხკოდი ბოლო ოპერაციის თარიღი ეგზემპლარის მიმდევრობითი ნომერი (კეტერი?) ფასის ძალაში შესვლის თარიღი ეგზემპლარის სახეობა საჯარო შენიშვნა
          ბათუმის შოთა რუსთაველის სახელმწიფო უნივერსიტეტის მთავარი ბიბლიოთეკა ბათუმის შოთა რუსთაველის სახელმწიფო უნივერსიტეტის მთავარი ბიბლიოთეკა წიგნსაცავი 2018-12-17 8.00 811.111'367:811.353.1'367.2 მ-58 59043 2018-12-17 59043 2018-12-17 წიგნი 8.00